000 01170nmm a2200337 a 4500
001 ocm0002146568
003 TR-IsHL
005 20201028183247.0
008 190327s2019 tu tur
007 cr cn
020 _a9786052812327
035 _a2146568
_b(N$T)
050 0 4 _aD907
_b.Ö93 2019
090 0 4 _aD907
_b.Ö93 2019
100 1 _aÖzbay, Ekrem
245 1 0 _aŞehirler ve insanlar: Türkmenistan, Bosna Hersek, Romanya, Türkiye, Yunanistan, Makedonya, Bulgaristan
_h[electronic resource] /
_cEkrem Özbay
250 _a1. Baskı
260 _aİstanbul :
_bHiperlink Yayınları,
_c2019
300 _a240 p.
500 _aKaynakça: sayfa 237-239
650 4 _aTarih
650 4 _aHistory
650 0 _aAvrupa
_x Tanııtm ve seyahat
650 0 _aEurope
_x Description and travel
650 0 _aOrta Asya
_x Tanıtım ve seyahat
650 0 _aAsia, Central
_x Description and travel
650 0 _aKentler ve kasabalar
_x Tarih
650 0 _aCities and Towns
_x Tarih
650 7 _aHISTORY / Asia / Central Asia
_2bisacsh
856 4 0 _uhttp://search.ebscohost.com/login.aspx?direct=true&scope=site&db=e011xww&AN=2146568
999 _c20454
_d20454